বালিকার চন্দ্রযান/ (Record no. 10898)
[ view plain ]
| 000 -LEADER | |
|---|---|
| fixed length control field | 00739nam a2200241 a 4500 |
| 001 - CONTROL NUMBER | |
| JCCL Control Number | 10898 |
| 003 - CONTROL NUMBER IDENTIFIER | |
| JCCL marc code | BD-JhCC |
| 005 - DATE AND TIME OF LATEST TRANSACTION | |
| control field | 20190706090142.0 |
| 008 - FIXED-LENGTH DATA ELEMENTS--GENERAL INFORMATION | |
| fixed length control field | 190527b2017 bd ||||| a||| 00| 0 eng d |
| 020 ## - INTERNATIONAL STANDARD BOOK NUMBER | |
| International Standard Book Number | 9789849274384 |
| 035 ## - SYSTEM CONTROL NUMBER | |
| system control number | (BD-JhCC)10898 |
| 040 ## - CATALOGING SOURCE | |
| Original cataloging agency | BD-JhCC |
| Modifying agency | BD-JhCC |
| 041 ## - LANGUAGE CODE | |
| Language code of Book | ben |
| 082 ## - DEWEY DECIMAL CLASSIFICATION NUMBER | |
| Author mark and Year | HAQ 2017 |
| Classification number | 891.443 |
| 100 ## - MAIN ENTRY--PERSONAL NAME | |
| Personal name | হক,সৈয়দ শামসুল |
| 245 ## - TITLE STATEMENT | |
| Title | বালিকার চন্দ্রযান/ |
| Statement of responsibility, etc | সৈয়দ শামসুল হক, |
| 260 ## - PUBLICATION, DISTRIBUTION, ETC. (IMPRINT) | |
| Place of publication, distribution, etc | ঢাকা: |
| Name of publisher, distributor, etc | প্রথমা প্রকাশন: |
| Date of publication, distribution, etc | 2017. |
| 300 ## - PHYSICAL DESCRIPTION | |
| Pagination | 79 P. : |
| Dimensions | 22 cm. |
| 650 ## - SUBJECT ADDED ENTRY--TOPICAL TERM | |
| Topical term or geographic name as entry element | Bengali Novel |
| 700 ## - ADDED ENTRY--PERSONAL NAME | |
| Personal name | সৈয়দ শামসুল হক, |
| 942 ## - ADDED ENTRY ELEMENTS (KOHA) | |
| Source of classification or shelving scheme | Dewey Decimal Classification |
| Koha item type | Books |
| Source of classification or shelving scheme | Damaged status | Not for loan | Home library | Current library | Shelving location | Date of accession | Cost, normal purchase price | Total Checkouts | Full call number | Barcode | Date last seen | Date checked out | Copy number | Koha item type |
|---|---|---|---|---|---|---|---|---|---|---|---|---|---|---|
| Dewey Decimal Classification | JCC Rouf Library | JCC Rouf Library | General Stacks | 06/13/2019 | 200.00 | 1 | 891.443 HAQ 2017 | 14918 | 01/31/2024 | 01/21/2024 | C-1 | Books |